000 00612 a2200193 4500
005 20240530115412.0
010 _aB-759271
020 _a9789357312615
_c399.00
035 _aB-759271
037 _bGift
082 _aN
100 _aRamanujam, Anupama
_967108
245 _aPorcupines in my Pants and Other Craziness/
_cAnupama Ramanujam
260 _aGurugram
_bHachette Book Publishing India Pvt. Ltd.
_c2023
270 _a4th & 5th Floors Corporate Centre Plot No-94 Sector-44
_bGurugram
_e122003
300 _a210 p.
_c19 cm(Hb)
942 _adpl
_cCH
_2ddc
_hN
_mRAM
999 _c203400
_d203400